| 000 | 00430nam a2200181Ia 4500 | ||
|---|---|---|---|
| 001 | 11940 | ||
| 005 | 20260306162905.0 | ||
| 008 | 260306t2019||||xx |||||||||||||| ||spa|| | ||
| 041 | _aESP | ||
| 082 |
_aHR 330 _bN° 30 2019 MR.3 |
||
| 100 |
_aRiesco Lind, Gustavo _eAUT |
||
| 245 | 0 | _aMercados & regiones | |
| 260 | _c2019 | ||
| 300 |
_a38 páginas : _c29 cm. |
||
| 650 | _aGEN | ||
| 654 | _aCAN | ||
| 942 |
_cREV _dJUS _fJUS _2ddc _n |
||
| 999 |
_c11940 _d11940 |
||